000 00851nam a22002897a 4500
003 CHAP
005 20220329143801.0
008 110815s19766 mx r 00010 spa d
010 _a101830
011 _a102802
035 _a113491
040 _cCHAP
082 0 4 _a863
_bH46 1976
100 0 0 _aHesse, Hermann.
_955053
245 1 3 _aLa ruta interior
_c/por Hermann Hesse
250 _a2 ed.
260 _aMéxico, D.F. :
_bNuevomar,
_c1976
300 _a162 p. :
505 0 _aContiene : Alma de niño ; Klein y Wagner ; El último verano de Klingsor
590 _aBATCH-UPD
_b10
_c20130110
_lUCH01
_h1240
590 _aCONVERSION
_b10
_c20130109
_lUCH01
_h1356
650 1 4 _aCuentos.
_930096
650 1 4 _aLiteratura.
_967113
901 _aBK
942 _cLIBRO
949 _a863 H46 1976
_bBC
_cLIBRO
_d33724002304207
_eLIBRO
_h115577
_i113491
_si
999 _c101830
_d101830